The Best Selling Toys of all Time - Statistics

General Stats
  • This quiz has been taken 175 times
  • The average score is 3 of 5
Answer Stats
Ranking Amount sold Answer % Correct
3 1,000,000,000 Barbie
93%
4 500,000,000 Lego
73%
1 4,000,000,000 Hot Wheels
50%
5 150,000,000 Cabbage Patch Kids
28%
2 1,200,000,000 Rubik’s Cube
25%
No matching quizzes found
Score Distribution
Percent of People with Each Score
Percentile by Number Answered
Your Score History
You have not taken this quiz